Divine evil / (Record no. 234528)

000 -LEADER
fixed length control field 02022cam a22004095a 4500
001 - CONTROL NUMBER
control field 17243263
003 - CONTROL NUMBER IDENTIFIER
control field Nust
005 - DATE AND TIME OF LATEST TRANSACTION
control field 20170322110520.0
008 - FIXED-LENGTH DATA ELEMENTS--GENERAL INFORMATION
fixed length control field 120405r20051992nyu 000 1 eng d
010 ## - LIBRARY OF CONGRESS CONTROL NUMBER
LC control number 2012379376
020 ## - INTERNATIONAL STANDARD BOOK NUMBER
International Standard Book Number 9780749938253
035 ## - SYSTEM CONTROL NUMBER
System control number (OCoLC)ocm57936674
040 ## - CATALOGING SOURCE
Original cataloging agency VLC
Transcribing agency VLC
Modifying agency OCLCQ
-- IUI
-- O3Y
-- DLC
042 ## - AUTHENTICATION CODE
Authentication code lccopycat
043 ## - GEOGRAPHIC AREA CODE
Geographic area code n-us-ny
-- n-us-md
050 00 - LIBRARY OF CONGRESS CALL NUMBER
Classification number CPB Box no. 1159 (Stored at Landover)
082 ## - DEWEY DECIMAL CLASSIFICATION NUMBER
Classification number 823
Author Mark ROB
100 1# - MAIN ENTRY--PERSONAL NAME
Personal name Roberts, Nora.
245 10 - TITLE STATEMENT
Title Divine evil /
Statement of responsibility, etc. Nora Roberts.
250 ## - EDITION STATEMENT
Edition statement Bantam mass market ed.
260 ## - PUBLICATION, DISTRIBUTION, ETC.
Place of publication, distribution, etc. New York :
Name of publisher, distributor, etc. Bantam Books,
Date of publication, distribution, etc. 1992
300 ## - PHYSICAL DESCRIPTION
Extent 568 p. ;
Dimensions 22 cm.
500 ## - GENERAL NOTE
General note Originally published in hardcover: New York : Bantam Books, 1992.
520 ## - SUMMARY, ETC.
Summary, etc. A decade ago, sculptor Clare Kimball fled Emmitsboro, Maryland, to take the art world by storm. But no amount of success can eclipse the nightmares that haunt her - or the memories of her father's suicide. Emmitsboro sheriff Cameran Rafferty loved Clare from afar all through high school. Now that she's back, they form a bond that grows stronger each day. But Clare's past soon rises up with a vengeance, rocking the town with a sinister murder that is clearly linked to her return.
650 #0 - SUBJECT ADDED ENTRY--TOPICAL TERM
Topical term or geographic name entry element Satanism
Form subdivision Fiction.
650 #0 - SUBJECT ADDED ENTRY--TOPICAL TERM
Topical term or geographic name entry element Women sculptors
Form subdivision Fiction.
650 #0 - SUBJECT ADDED ENTRY--TOPICAL TERM
Topical term or geographic name entry element Fathers
General subdivision Death
Form subdivision Fiction.
650 #0 - SUBJECT ADDED ENTRY--TOPICAL TERM
Topical term or geographic name entry element Sheriffs
Form subdivision Fiction.
651 #0 - SUBJECT ADDED ENTRY--GEOGRAPHIC NAME
Geographic name New York (N.Y.)
Form subdivision Fiction.
651 #0 - SUBJECT ADDED ENTRY--GEOGRAPHIC NAME
Geographic name Maryland
Form subdivision Fiction.
655 #7 - INDEX TERM--GENRE/FORM
Genre/form data or focus term Romantic suspense fiction.
Source of term gsafd
710 2# - ADDED ENTRY--CORPORATE NAME
Corporate name or jurisdiction name as entry element Copyright Paperback Collection (Library of Congress)
Institution to which field applies DLC
856 42 - ELECTRONIC LOCATION AND ACCESS
Materials specified Contributor biographical information
Uniform Resource Identifier <a href="http://www.loc.gov/catdir/enhancements/fy1301/2012379376-b.html">http://www.loc.gov/catdir/enhancements/fy1301/2012379376-b.html</a>
856 42 - ELECTRONIC LOCATION AND ACCESS
Materials specified Publisher description
Uniform Resource Identifier <a href="http://www.loc.gov/catdir/enhancements/fy1301/2012379376-d.html">http://www.loc.gov/catdir/enhancements/fy1301/2012379376-d.html</a>
856 41 - ELECTRONIC LOCATION AND ACCESS
Materials specified Sample text
Uniform Resource Identifier <a href="http://www.loc.gov/catdir/enhancements/fy1301/2012379376-s.html">http://www.loc.gov/catdir/enhancements/fy1301/2012379376-s.html</a>
906 ## - LOCAL DATA ELEMENT F, LDF (RLIN)
a 0
b ibc
c copycat
d 2
e ncip
f 20
g y-genrareb
942 ## - ADDED ENTRY ELEMENTS (KOHA)
Source of classification or shelving scheme
Koha item type Book
Holdings
Withdrawn status Lost status Source of classification or shelving scheme Damaged status Not for loan Permanent Location Current Location Shelving location Date acquired Total Checkouts Full call number Barcode Date last seen Date last checked out Copy number Price effective from Koha item type
          Central Library (CL) Central Library (CL) Fiction 03/22/2017 3 813.54 ROB CL1013 08/21/2025 01/04/2022 1 03/22/2017 Book
© 2023 Central Library, National University of Sciences and Technology. All Rights Reserved.